000
00331nam a2200145Ia 4500
008
150201s2004 xx 000 0 und d
082
_a
618.2
_b
D04D
100
_a
DUTTA , D.C.
245
_a
TB. OF OBSTETRICS
250
_a
6TH
260
_b
NBC
_a
CALCATA
_c
2004
300
_a
650
650
_a
OBST. & GYNEA.
942
_2
ddc
_c
BK
_0
59
999
_c
1868
_d
1868